000 00941nam a22002537a 4500
005 20080626104633.0
008 080618t xxu||||| |||| 00| 0 eng d
010 _aENG-90866
020 _c400.00
_a8188631582
035 _aEN-74399
037 _bDBAD / PUB
040 _aDPL
_bEnglish
082 _a371.9
100 _aSengar, Shailendra
245 _aPerspectives on special education /:
_cby Shailendra Sengar
260 _aDelhi
_bKunal Prakashan
_c2008
270 _aL-45, Gali No. 5, Shivaji Marg, Kargtar Nagar
_bDelhi
_e110053
300 _aviii, 247p.
_c23 cm (Hb)
500 _aIncludes bibliographical references and index
650 _aSpecial education
650 _aChildren with disabilities
_xEducation
942 _cEN
_2ddc
_mSEN
_h371.9
999 _c15282
_d15282